[Event "Euskadi-ch U16"]
[Site "Eibar"]
[Date "2008.03.29"]
[Round "6"]
[White "Cruz Olabe, Leire"]
[Black "Martinez Garcia, Ekaitz"]
[Result "1-0"]
[WhiteElo "1480"]
[BlackElo "1650"]
[PlyCount "107"]
[EventDate "2008.03.25"]
[EventType "swiss"]
[EventRounds "6"]
[EventCountry "ESP"]
[SourceTitle "EXT 2024"]
[Source "ChessBase"]
[SourceDate "2023.10.10"]
[SourceVersion "1"]
[SourceVersionDate "2023.10.10"]
[SourceQuality "1"]

1. e4 e5 2. Nf3 Nc6 3. Bc4 Nf6 4. Ng5 d5 5. exd5 Nxd5 6. d3 Bc5 7. Qf3 Be6 8. Nc3 Nd4 9. Qd1 Nb4 10. 0-0 Bxc4 11. dxc4 Ndxc2 12. Rb1 Nd4 13. Nce4 b6 14. a3 Na2 15. Be3 0-0 16. Nxc5 bxc5 17. Ra1 f6 18. Bxd4 cxd4 19. Ne6 Qd6 20. Nxf8 Rxf8 21. Rxa2 f5 22. f3 Qc5 23. b3 d3+ 24. Rff2 Rd8 25. Rad2 f4 26. Rxd3 Re8 27. a4 e4 28. fxe4 Rxe4 29. Rd8+ Kf7 30. Qd5+ Qxd5 31. Rxd5 h6 32. Rf5+ Kg6 33. R5xf4 Re5 34. h4 c5 35. Rf7 a5 36. Ra7 Rh5 37. g3 Kh7 38. Rxa5 Re5 39. Kg2 g5 40. h5 g4 41. Ra7+ Kg8 42. Rd2 Kf8 43. Rd8+ Re8 44. Rxe8+ Kxe8 45. Rc7 Kd8 46. Rxc5 Kd7 47. a5 Kd6 48. b4 Ke6 49. a6 Kd6 50. a7 Ke6 51. a8Q Kf6 52. Qa6+ Kg7 53. Rc7+ Kh8 54. Qa8# 1-0

[Event "Euskadi-ch U16"]
[Site "Eibar"]
[Date "2008.03.28"]
[Round "5"]
[White "Martinez Garcia, Ekaitz"]
[Black "Landa Mendizabal, Maitane"]
[Result "1-0"]
[WhiteElo "1650"]
[BlackElo "1493"]
[PlyCount "69"]
[EventDate "2008.03.25"]
[EventType "swiss"]
[EventRounds "6"]
[EventCountry "ESP"]
[SourceTitle "EXT 2024"]
[Source "ChessBase"]
[SourceDate "2023.10.10"]
[SourceVersion "1"]
[SourceVersionDate "2023.10.10"]
[SourceQuality "1"]

1. e4 e5 2. Nc3 Nf6 3. Nf3 Nc6 4. Bc4 Bc5 5. d3 h6 6. 0-0 d6 7. Be3 Bg4 8. h3 Bh5 9. Qd2 Bxf3 10. gxf3 Bxe3 11. Qxe3 Nh5 12. Rad1 Qf6 13. Nd5 Qg6+ 14. Kh2 0-0-0 15. Rg1 Qh7 16. c3 Rhg8 17. a4 Nf6 18. b4 Nxd5 19. Bxd5 Ne7 20. Bxf7 Rgf8 21. Bc4 h5 22. Qxa7 Nc6 23. Be6+ Rd7 24. Qa8+ Nb8 25. Bxd7+ Kxd7 26. Qxb7 Qh6 27. Qb5+ Nc6 28. a5 Qf4+ 29. Kg2 Qg5+ 30. Kf1 Qh4 31. Rxg7+ Kd8 32. Qxc6 Qxh3+ 33. Ke2 h4 34. Qxc7+ Ke8 35. Qe7# 1-0